[Event "2. Bundesliga Ost 2009/2010"]
[Site "17+18.10Zwettl14+15.11Poechlarn"]
[Date "2010.01.30"]
[Round "5"]
[Board "6"]
[White "Salamon, Werner"]
[Black "Stadler, Peter"]
[Result "1/2-1/2"]
[WhiteElo "2130"]
[BlackElo "2169"]
[PlyCount "61"]
[EventDate "2009.10.17"]
[EventType "team"]
[EventRounds "11"]
[EventCountry "AUT"]
[WhiteTeam "ASVOE SK Mattersburg"]
[BlackTeam "SK Zwettl"]

1.e4 c5 2.Nf3 e6 3.d4 cxd4 4.Nxd4 Nf6 5.Nc3 d6 6.Be2 Be7 7.O-O O-O 8.f4 Nc6
9.Kh1 a6 10.a4 Bd7 11.Be3 Rc8 12.Qe1 Nxd4 13.Bxd4 Bc6 14.Bf3 Qc7 15.Qg3 g6
16.Rad1 Rfd8 17.f5 e5 18.Be3 b5 19.axb5 axb5 20.Bg5 Ne8 21.Bxe7 Qxe7 22.Rd2 b4
23.Nd1 Nf6 24.Qh4 Rc7 25.Ne3 Kg7 26.Rfd1 Nxe4 27.Qxe7 Rxe7 28.Bxe4 Bxe4 29.fxg6
hxg6 30.Rxd6 Rxd6 31.Rxd6

[Event "2. Bundesliga Ost 2009/2010"]
[Site "17+18.10Zwettl14+15.11Poechlarn"]
[Date "2010.01.30"]
[Round "5"]
[Board "1"]
[White "Hodisch, Juri"]
[Black "Farago, Ivan"]
[Result "1/2-1/2"]
[WhiteElo "2349"]
[BlackElo "2511"]
[PlyCount "81"]
[EventDate "2009.10.17"]
[EventType "team"]
[EventRounds "11"]
[EventCountry "AUT"]
[WhiteTeam "Aljechin/Wieden"]
[BlackTeam "ASVOE VHS Poechlarn"]

1.d4 Nf6 2.c4 e6 3.Nc3 Bb4 4.Nf3 b6 5.g3 Bb7 6.Bg2 O-O 7.O-O Bxc3 8.bxc3 d6
9.Bf4 Nbd7 10.Qb3 Qe7 11.Rfe1 Rfe8 12.Rad1 e5 13.Bg5 h6 14.Bc1 Rab8 15.Qc2 e4
16.Nh4 Qe6 17.d5 Qe5 18.Rd4 Nc5 19.f3 exf3 20.Nxf3 Qh5 21.Rf4 Qg6 22.e4 Nfd7
23.Bh3 Ne5 24.Bf5 Nxf3+ 25.Rxf3 Qh5 26.Qf2 f6 27.g4 Qf7 28.g5 hxg5 29.Bxg5 Bc8
30.Bd2 Bxf5 31.exf5 Rxe1+ 32.Qxe1 Qh5 33.Qf1 Re8 34.Bf4 Ne4 35.Bc1 Re5 36.Kg2
Nc5 37.Kh1 Re1 38.Qxe1 Qxf3+ 39.Kg1 Nd3 40.Qe8+ Kh7 41.Qg6+

[Event "2. Bundesliga Ost 2009/2010"]
[Site "17+18.10Zwettl14+15.11Poechlarn"]
[Date "2010.01.30"]
[Round "5"]
[Board "2"]
[White "Kostic, Vladimir"]
[Black "Heiny, Johannes"]
[Result "0-1"]
[WhiteElo "2430"]
[BlackElo "2245"]
[PlyCount "150"]
[EventDate "2009.10.17"]
[EventType "team"]
[EventRounds "11"]
[EventCountry "AUT"]
[WhiteTeam "ASVOE VHS Poechlarn"]
[BlackTeam "Aljechin/Wieden"]

1.Nf3 Nf6 2.c4 g6 3.g3 Bg7 4.Bg2 O-O 5.O-O c5 6.d4 d6 7.Nc3 Nc6 8.dxc5 dxc5
9.Be3 Qa5 10.Qc1 Be6 11.Nd2 Nd4 12.Re1 Ng4 13.Bf4 Qa6 14.e3 Nf5 15.Nb5 Rac8
16.a4 Ne5 17.Qc2 Rfd8 18.Bxe5 Bxe5 19.Nf3 Bg7 20.Ng5 Bd7 21.Ne4 Qa5 22.Red1 a6
23.Nbc3 Bc6 24.h4 Qb4 25.Bf1 e6 26.Nd2 Rd7 27.Bg2 Rcd8 28.Bxc6 bxc6 29.Rab1 Nd6
30.Nce4 Nxe4 31.Nxe4 h6 32.Rxd7 Rxd7 33.Rd1 Qxb2 34.Qb1 Qb4 35.Qc2 Rxd1+ 36.Qxd1
Qxc4 37.Qd8+ Kh7 38.Nd6 Qd5 39.Qe7 c4 40.e4 Qc5 41.h5 c3 42.Qxf7 Qxd6 43.hxg6+
Kh8 44.Qe8+ Qf8 45.Qxc6 Bd4 46.g7+ Bxg7 47.Kg2 Bd4 48.f4 Qc5 49.Qe8+ Kh7 50.e5
c2 51.Qf7+ Kh8 52.Qf6+ Kg8 53.Qd8+ Kf7 54.Qd7+ Kf8 55.Qd8+ Kf7 56.Qd7+ Kg8
57.Qe8+ Qf8 58.Qg6+ Kh8 59.Qxc2 Qa8+ 60.Kh2 Qd5 61.Qg6 Bc5 62.Qxh6+ Kg8 63.Qf6
Qd7 64.Qg6+ Kf8 65.Qf6+ Ke8 66.Kh3 Qh7+ 67.Kg4 Kd7 68.f5 Qxf5+ 69.Qxf5 exf5+
70.Kxf5 Ke7 71.g4 a5 72.g5 Be3 73.g6 Bh6 74.Ke4 Ke6 75.Kd4 Bg7

[Event "2. Bundesliga Ost 2009/2010"]
[Site "17+18.10Zwettl14+15.11Poechlarn"]
[Date "2010.01.30"]
[Round "5"]
[Board "3"]
[White "Groetz, Harald"]
[Black "Rumpl, Erwin"]
[Result "0-1"]
[WhiteElo "2332"]
[BlackElo "2334"]
[PlyCount "140"]
[EventDate "2009.10.17"]
[EventType "team"]
[EventRounds "11"]
[EventCountry "AUT"]
[WhiteTeam "Aljechin/Wieden"]
[BlackTeam "ASVOE VHS Poechlarn"]

1.e4 e6 2.d4 d5 3.Nd2 c5 4.exd5 Qxd5 5.Ngf3 cxd4 6.Bc4 Qd6 7.O-O Nf6 8.Nb3 Nc6
9.Nbxd4 Nxd4 10.Nxd4 a6 11.Bb3 Qc7 12.Bg5 Bd6 13.h3 Ne4 14.Be3 Nc5 15.Qg4 Nxb3
16.axb3 O-O 17.Nb5 Qc6 18.Nxd6 Qxd6 19.Rfd1 Qc7 20.Qc4 Qxc4 21.bxc4 e5 22.Bb6
Be6 23.c5 f6 24.Rd6 Kf7 25.b4 Rfe8 26.Rad1 Rac8 27.f3 Bc4 28.Kf2 Bb5 29.Rc1 Bc4
30.Ke3 Re6 31.Rd7+ Re7 32.Rcd1 Bb5 33.R7d6 Re6 34.Rxe6 Kxe6 35.Rd6+ Ke7 36.Ba5
Bc6 37.Rd2 Bb5 38.Rd1 Re8 39.Rc1 Bc4 40.Kd2 Kf7 41.Kc3 Bb5 42.Re1 Re7 43.Bb6 Rd7
44.Ba7 Rd4 45.Bb8 h5 46.Bd6 g5 47.Rc1 Ke6 48.Rg1 Bc6 49.Rf1 Bd5 50.Rb1 g4
51.hxg4 hxg4 52.fxg4 Rxg4 53.Kd3 Rg3+ 54.Kd2 Rxg2+ 55.Kd3 Rg3+ 56.Kd2 Be4 57.b5
axb5 58.Rxb5 Rg2+ 59.Ke3 Bc6 60.Rb1 Rxc2 61.Re1 Rc3+ 62.Kd2 Rc4 63.Kd3 Rd4+
64.Kc3 Bd5 65.Re2 b6 66.Kb2 Rb4+ 67.Ka3 Rc4 68.Bf8 bxc5 69.Rf2 f5 70.Rh2 f4

[Event "2. Bundesliga Ost 2009/2010"]
[Site "17+18.10Zwettl14+15.11Poechlarn"]
[Date "2010.01.30"]
[Round "5"]
[Board "4"]
[White "Weinzettl, Ernst"]
[Black "Schlosser, Michael"]
[Result "1-0"]
[WhiteElo "2278"]
[BlackElo "2345"]
[PlyCount "83"]
[EventDate "2009.10.17"]
[EventType "team"]
[EventRounds "11"]
[EventCountry "AUT"]
[WhiteTeam "ASVOE VHS Poechlarn"]
[BlackTeam "Aljechin/Wieden"]

1.e4 g6 2.d4 Bg7 3.Nc3 d6 4.Be3 Nf6 5.Nf3 O-O 6.Qd2 c6 7.Bd3 Nbd7 8.Bh6 e5
9.Bxg7 Kxg7 10.O-O-O b5 11.Ne2 Qb6 12.h4 h5 13.Ng3 Nh7 14.Ng5 Ndf6 15.Nxh7 Nxh7
16.Be2 f6 17.f4 exf4 18.Qxf4 Qc7 19.Rhf1 a6 20.Bf3 Ra7 21.Ne2 g5 22.Qg3 g4
23.Nf4 Qf7 24.Kb1 Re7 25.Be2 Rxe4 26.Bd3 Rxd4 27.Bxh7 Rxd1+ 28.Rxd1 Kxh7 29.Qd3+
Kg7 30.Qxd6 Bf5 31.Qc5 Be4 32.Nxh5+ Kh6 33.Rf1 Bd5 34.Rxf6+ Qxf6 35.Nxf6 Rxf6
36.b3 Rf5 37.Qe7 Kg6 38.Qe8+ Kg7 39.Qd7+ Kf6 40.Qd6+ Kf7 41.Qg3 Be6 42.Qc7+

[Event "2. Bundesliga Ost 2009/2010"]
[Site "17+18.10Zwettl14+15.11Poechlarn"]
[Date "2010.01.30"]
[Round "5"]
[Board "5"]
[White "Hadjieff, Dieter"]
[Black "Loidl, Florian"]
[Result "0-1"]
[WhiteElo "2209"]
[BlackElo "2239"]
[PlyCount "74"]
[EventDate "2009.10.17"]
[EventType "team"]
[EventRounds "11"]
[EventCountry "AUT"]
[WhiteTeam "Aljechin/Wieden"]
[BlackTeam "ASVOE VHS Poechlarn"]

1.Nf3 g6 2.e4 c5 3.Bc4 Bg7 4.Nc3 Nc6 5.a3 e6 6.d3 Nge7 7.O-O O-O 8.Qe2 a6 9.Ba2
d5 10.Bd2 b5 11.Rae1 Ra7 12.e5 h6 13.Nd1 a5 14.c3 d4 15.cxd4 cxd4 16.Bf4 Nd5
17.Bg3 Nb6 18.Nd2 Na4 19.f4 Bb7 20.Ne4 Ne7 21.Bh4 Bd5 22.b3 Bxe4 23.dxe4 Nc3
24.Nxc3 dxc3 25.Qxb5 Qc8 26.Rc1 g5 27.fxg5 Ng6 28.gxh6 Bxh6 29.Bf2 Bxc1 30.Bxa7
Bg5 31.Qe2 c2 32.Be3 Bxe3+ 33.Qxe3 Rd8 34.Qc1 Qc3 35.h4 Rd2 36.h5 Qe3+ 37.Kh1
Qe2

[Event "2. Bundesliga Ost 2009/2010"]
[Site "17+18.10Zwettl14+15.11Poechlarn"]
[Date "2010.01.30"]
[Round "5"]
[Board "6"]
[White "Gattermayer, Robert"]
[Black "Batyte, Daiva"]
[Result "0-1"]
[WhiteElo "2043"]
[BlackElo "2124"]
[PlyCount "28"]
[EventDate "2009.10.17"]
[EventType "team"]
[EventRounds "11"]
[EventCountry "AUT"]
[WhiteTeam "ASVOE VHS Poechlarn"]
[BlackTeam "Aljechin/Wieden"]

1.e4 b6 2.d4 Bb7 3.Nd2 e6 4.Bd3 c5 5.Ngf3 Nc6 6.dxc5 Bxc5 7.O-O Nf6 8.e5 Ng4
9.Qe2 Qc7 10.Nc4 b5 11.Nd6+ Bxd6 12.exd6 Qxd6 13.Rd1 Nd4 14.h3 Bxf3

[Event "2. Bundesliga Ost 2009/2010"]
[Site "17+18.10Zwettl14+15.11Poechlarn"]
[Date "2010.01.31"]
[Round "6"]
[Board "1"]
[White "Wukits, Rene"]
[Black "Kostic, Vladimir"]
[Result "0-1"]
[WhiteElo "2331"]
[BlackElo "2430"]
[PlyCount "126"]
[EventDate "2009.10.17"]
[EventType "team"]
[EventRounds "11"]
[EventCountry "AUT"]
[WhiteTeam "SV Tschaturanga Neubau"]
[BlackTeam "ASVOE VHS Poechlarn"]

1.d4 d5 2.Nf3 Nf6 3.c4 c6 4.Nc3 e6 5.Bg5 Nbd7 6.e3 Qa5 7.cxd5 Nxd5 8.Qd2 Bb4
9.Rc1 h6 10.Bh4 c5 11.a3 Bxc3 12.bxc3 b6 13.Bd3 Bb7 14.O-O N5f6 15.Qa2 O-O
16.Nd2 cxd4 17.cxd4 Rac8 18.Bg3 Rc3 19.Rxc3 Qxc3 20.Bc4 Rc8 21.Rd1 Bd5 22.Bxd5
Nxd5 23.e4 N5f6 24.Nb1 Qa5 25.Qe2 Qa4 26.f3 Qb3 27.Bd6 Rc2 28.Qf1 Qe3+ 29.Kh1 a5
30.Qg1 Qb3 31.Nd2 Qa4 32.Nb1 Nh5 33.Rd2 Rc6 34.Bg3 Nxg3+ 35.hxg3 Rc4 36.Rd1 b5
37.d5 e5 38.Rc1 Nf6 39.Qd1 Qxd1+ 40.Rxd1 Kf8 41.Kh2 Ke7 42.Rd2 Ne8 43.Rb2 Nd6
44.g4 Kd7 45.Kg3 Kc7 46.Kf2 Kb6 47.Ke2 g6 48.Nd2 Rc3 49.Nb1 Rc1 50.Nd2 a4 51.Ra2
Rc3 52.Nb1 Rc1 53.Nd2 Nb7 54.Nf1 Nc5 55.Ne3 Nb3 56.Kf2 Nd4 57.Kg3 Rc3 58.Kf2 Kc5
59.g3 g5 60.Nf5 Rc2+ 61.Rxc2+ Nxc2 62.Nxh6 f6 63.Ke2 Nxa3

[Event "2. Bundesliga Ost 2009/2010"]
[Site "17+18.10Zwettl14+15.11Poechlarn"]
[Date "2010.01.31"]
[Round "6"]
[Board "2"]
[White "Rumpl, Erwin"]
[Black "Kleiser, Gregor"]
[Result "0-1"]
[WhiteElo "2334"]
[BlackElo "2313"]
[PlyCount "150"]
[EventDate "2009.10.17"]
[EventType "team"]
[EventRounds "11"]
[EventCountry "AUT"]
[WhiteTeam "ASVOE VHS Poechlarn"]
[BlackTeam "SV Tschaturanga Neubau"]

1.d4 Nf6 2.c4 g6 3.Nc3 d5 4.Nf3 Bg7 5.Bg5 Ne4 6.Bf4 Nxc3 7.bxc3 c5 8.cxd5 Qxd5
9.e3 Nc6 10.Be2 cxd4 11.cxd4 Qa5+ 12.Qd2 Qxd2+ 13.Kxd2 O-O 14.Rhc1 Rd8 15.Ke1
Bf5 16.h3 Rac8 17.g4 Be6 18.Rab1 Bd5 19.a3 f6 20.Rc5 e6 21.Rbc1 Bf8 22.R5c3 Ne7
23.Bc7 Rd7 24.Ba5 Rxc3 25.Bxc3 Nc6 26.Bb2 Bd6 27.Nd2 Ne7 28.Bb5 Bc6 29.Bxc6 Nxc6
30.Ne4 Be7 31.Ke2 Rd5 32.Nc5 Bxc5 33.dxc5 Kf7 34.e4 Rd7 35.Ke3 e5 36.Bc3 g5
37.Rh1 h6 38.h4 Ne7 39.h5 Nc6 40.Rb1 Nd8 41.Rb2 Ne6 42.Bb4 Ke8 43.Rd2 Rxd2
44.Kxd2 Kd7 45.Kd3 Kc6 46.Kc4 Nd4 47.Ba5 Kd7 48.Kd3 Nb3 49.Bb4 Kc6 50.Kc4 Nd4
51.Ba5 Ne6 52.Bb4 a6 53.a4 Nd4 54.Ba5 Kd7 55.Kd3 Nf3 56.Ke3 Ng1 57.Bb4 Nh3
58.c6+ bxc6 59.Bf8 Ke8 60.Bxh6 Kf7 61.a5 c5 62.f3 Nf4 63.Kd2 Ne6 64.Kd3 Nd8
65.Kc4 Nb7 66.Kd5 Nxa5 67.Bxg5 fxg5 68.Kxe5 Nc6+ 69.Kd5 c4 70.Kxc4 Ne5+ 71.Kd5
Nxf3 72.e5 Nh2 73.e6+ Ke7 74.Ke5 Nxg4+ 75.Kf5 Nf6

[Event "2. Bundesliga Ost 2009/2010"]
[Site "17+18.10Zwettl14+15.11Poechlarn"]
[Date "2010.01.31"]
[Round "6"]
[Board "3"]
[White "Kreindl, Helmut"]
[Black "Weinzettl, Ernst"]
[Result "1/2-1/2"]
[WhiteElo "2194"]
[BlackElo "2278"]
[PlyCount "69"]
[EventDate "2009.10.17"]
[EventType "team"]
[EventRounds "11"]
[EventCountry "AUT"]
[WhiteTeam "SV Tschaturanga Neubau"]
[BlackTeam "ASVOE VHS Poechlarn"]

1.d4 d6 2.Bg5 h6 3.Bh4 c5 4.c3 Qb6 5.Qc1 cxd4 6.cxd4 Nc6 7.e3 e5 8.d5 Nce7
9.Bxe7 Bxe7 10.Nc3 Bd7 11.g3 Nf6 12.Bg2 Rc8 13.Qd2 Qa6 14.Nge2 b5 15.O-O b4
16.Ne4 Nxe4 17.Bxe4 O-O 18.Rfc1 f5 19.Bd3 Qa5 20.a3 Kh8 21.Bc4 Rc7 22.Qxb4 Qxb4
23.axb4 Rb8 24.b5 Bf6 25.Ra6 Bxb5 26.Bxb5 Rxc1+ 27.Nxc1 Rxb5 28.Rxd6 Rxb2 29.Nd3
Rd2 30.Ne1 a5 31.Nf3 Rd1+ 32.Kg2 Kg8 33.Rd7 Kf8 34.d6 Ke8 35.Ra7

[Event "2. Bundesliga Ost 2009/2010"]
[Site "17+18.10Zwettl14+15.11Poechlarn"]
[Date "2010.01.31"]
[Round "6"]
[Board "4"]
[White "Loidl, Florian"]
[Black "Ernst, Michael"]
[Result "1-0"]
[WhiteElo "2239"]
[BlackElo "2166"]
[PlyCount "57"]
[EventDate "2009.10.17"]
[EventType "team"]
[EventRounds "11"]
[EventCountry "AUT"]
[WhiteTeam "ASVOE VHS Poechlarn"]
[BlackTeam "SV Tschaturanga Neubau"]

1.e4 e6 2.d3 d5 3.Nd2 Nf6 4.Ngf3 b6 5.g3 dxe4 6.dxe4 Bb7 7.Bb5+ Bc6 8.Qe2 Bxb5
9.Qxb5+ Qd7 10.a4 Qxb5 11.axb5 c6 12.c4 Bb4 13.e5 Nfd7 14.O-O a5 15.Ne4 Ke7
16.Rd1 Ra7 17.Bg5+ f6 18.exf6+ gxf6 19.Bh4 Kf7 20.Nd4 c5 21.Nc2 Rc7 22.f4 Rg8
23.Kh1 Rg6 24.Ne3 Nf8 25.f5 exf5 26.Nxf6 Nbd7 27.Nfd5 Ra7 28.Rf1 Ne6 29.Nxf5

[Event "2. Bundesliga Ost 2009/2010"]
[Site "17+18.10Zwettl14+15.11Poechlarn"]
[Date "2010.01.31"]
[Round "6"]
[Board "5"]
[White "Ponjican, Erich"]
[Black "Mittermayr, Gerhard"]
[Result "0-1"]
[WhiteElo "2170"]
[BlackElo "2139"]
[PlyCount "110"]
[EventDate "2009.10.17"]
[EventType "team"]
[EventRounds "11"]
[EventCountry "AUT"]
[WhiteTeam "SV Tschaturanga Neubau"]
[BlackTeam "ASVOE VHS Poechlarn"]

1.e4 e6 2.d4 d5 3.Nd2 Nf6 4.e5 Nfd7 5.f4 c5 6.c3 Nc6 7.Ndf3 cxd4 8.cxd4 Bb4+
9.Bd2 Qb6 10.a3 Bxd2+ 11.Qxd2 Na5 12.Qc3 Nb3 13.Rd1 a5 14.Bd3 a4 15.Ne2 f5
16.O-O O-O 17.Bc2 Qb5 18.Bxb3 Qxe2 19.Rd3 axb3 20.Rf2 Qe4 21.Ng5 Qxd3 22.Qxd3
Nb6 23.Qxb3 Nc4 24.Nf3 Ra6 25.Ne1 Rb6 26.Qa2 Rc6 27.Nd3 Rf7 28.b3 Ne3 29.Rd2
Rfc7 30.Nb4 Rc1+ 31.Kf2 R7c3 32.Nd3 R1c2 33.Kxe3 Rxa2 34.Rxa2 Rxb3 35.Kd2 Rb6
36.Rc2 Bd7 37.Rb2 Rxb2+ 38.Nxb2 Kf7 39.Kc3 b6 40.Nd3 g5 41.g3 Kg6 42.fxg5 Kxg5
43.h3 h5 44.Kd2 h4 45.gxh4+ Kxh4 46.Nf4 Kg3 47.Ke3 Bc8 48.Ng6 Kxh3 49.Kf4 Kg2
50.Ke3 Kf1 51.Nf4 Ke1 52.Kd3 Kf2 53.Nh3+ Kg3 54.Ng5 f4 55.Ke2 Ba6+

[Event "2. Bundesliga Ost 2009/2010"]
[Site "17+18.10Zwettl14+15.11Poechlarn"]
[Date "2010.01.31"]
[Round "6"]
[Board "6"]
[White "Posch, Roland"]
[Black "Petschar, Hans"]
[Result "1-0"]
[WhiteElo "2061"]
[BlackElo "2086"]
[PlyCount "125"]
[EventDate "2009.10.17"]
[EventType "team"]
[EventRounds "11"]
[EventCountry "AUT"]
[WhiteTeam "ASVOE VHS Poechlarn"]
[BlackTeam "SV Tschaturanga Neubau"]

1.e4 e6 2.d3 d5 3.Nd2 Nf6 4.Ngf3 Nc6 5.g3 Bc5 6.Bg2 O-O 7.O-O e5 8.c3 a6 9.exd5
Nxd5 10.Nb3 Bd6 11.d4 e4 12.Ng5 f5 13.c4 Nf6 14.d5 Ne5 15.Nd4 Qe7 16.Nge6 Bxe6
17.Nxe6 Rfe8 18.b3 Nd3 19.Be3 Be5 20.Bd4 c6 21.Bxe5 Nxe5 22.Nd4 g6 23.dxc6 bxc6
24.Qe2 Rad8 25.Rad1 Qa7 26.Qb2 Qb6 27.c5 Qc7 28.b4 Qf7 29.Qa3 Qc4 30.Qb3 Qxb3
31.Nxb3 Nd5 32.a3 Nc3 33.Rxd8 Rxd8 34.Ra1 Nf3+ 35.Bxf3 exf3 36.Na5 Ne2+ 37.Kf1
Nd4 38.Rd1 Kf7 39.Nb3 Ne6 40.Rxd8 Nxd8 41.Nd4 h6 42.Ke1 Kf6 43.Kd2 Ke5 44.Kd3
Kd5 45.Nxf3 Nf7 46.Nh4 Ne5+ 47.Kc3 Ke4 48.f4 Ng4 49.Nxg6 Nxh2 50.Ne7 Nf1 51.Nxc6
Nxg3 52.Ne7 Ne2+ 53.Kc4 Nxf4 54.Ng8 Nd3 55.c6 Ne5+ 56.Kc5 Nxc6 57.Kxc6 f4
58.Nxh6 f3 59.Ng4 Kf4 60.Nh2 f2 61.Nf1 Kf3 62.Kb6 Ke2 63.Nh2

[Event "2. Bundesliga Ost 2009/2010"]
[Site "17+18.10Zwettl14+15.11Poechlarn"]
[Date "2010.01.31"]
[Round "6"]
[Board "1"]
[White "Antoniewski, Rafal"]
[Black "Hodisch, Juri"]
[Result "1-0"]
[WhiteElo "2558"]
[BlackElo "2349"]
[PlyCount "93"]
[EventDate "2009.10.17"]
[EventType "team"]
[EventRounds "11"]
[EventCountry "AUT"]
[WhiteTeam "ASVOE SK Mattersburg"]
[BlackTeam "Aljechin/Wieden"]

1.e4 e6 2.d4 d5 3.Nd2 Nf6 4.e5 Nfd7 5.c3 c5 6.Bd3 Nc6 7.Ne2 cxd4 8.cxd4 f6
9.exf6 Qxf6 10.Nf3 h6 11.O-O Bd6 12.Be3 O-O 13.Nc3 Rd8 14.Rc1 Nf8 15.Na4 Ng6
16.Bxg6 Qxg6 17.Nc5 Qf5 18.Nd3 Bd7 19.Qd2 b6 20.Bf4 Be7 21.Nde5 Nxe5 22.Nxe5 Bd6
23.Rfe1 Bb5 24.Bg3 Rac8 25.Nf3 Bf8 26.h3 Re8 27.a3 Be7 28.Rc3 Bf6 29.Be5 Rxc3
30.Qxc3 Qd3 31.Qc1 Qc4 32.Qf4 Rf8 33.Bxf6 Rxf6 34.Qb8+ Kh7 35.Qxa7 Rxf3 36.gxf3
Qxd4 37.Qf7 Qxb2 38.Qxe6 Bd3 39.Qxd5 Qxa3 40.Re8 Qc1+ 41.Kh2 Qf4+ 42.Kg2 Bf5
43.h4 h5 44.Qa8 Bd7 45.Rh8+ Kg6 46.Qe4+ Qf5 47.Rf8

[Event "2. Bundesliga Ost 2009/2010"]
[Site "17+18.10Zwettl14+15.11Poechlarn"]
[Date "2010.01.31"]
[Round "6"]
[Board "2"]
[White "Heiny, Johannes"]
[Black "Cvek, Robert"]
[Result "0-1"]
[WhiteElo "2245"]
[BlackElo "2518"]
[PlyCount "80"]
[EventDate "2009.10.17"]
[EventType "team"]
[EventRounds "11"]
[EventCountry "AUT"]
[WhiteTeam "Aljechin/Wieden"]
[BlackTeam "ASVOE SK Mattersburg"]

1.d4 Nf6 2.c4 e6 3.Nf3 Bb4+ 4.Bd2 a5 5.Nc3 b6 6.a3 Bxc3 7.Bxc3 Bb7 8.e3 Ne4
9.Rc1 O-O 10.Be2 d6 11.O-O a4 12.Nd2 Nxc3 13.Rxc3 Nd7 14.Bf3 Qb8 15.Bxb7 Qxb7
16.Qf3 Qxf3 17.Nxf3 Ra5 18.Rfc1 h6 19.Ne1 Rc8 20.Nd3 c5 21.Rd1 Kf8 22.Kf1 Ke7
23.Ke2 Ra7 24.h3 Rac7 25.Rdc1 Nb8 26.dxc5 bxc5 27.R1c2 Rb7 28.Nc1 Nc6 29.Rd3
Rcb8 30.Rdd2 Na5 31.Kd1 f5 32.Re2 g5 33.Na2 h5 34.Kc1 h4 35.f3 f4 36.e4 Nb3+
37.Kb1 Nd4 38.Nc3 Nxe2 39.Rxe2 Rb3 40.Nxa4 Rxa3

[Event "2. Bundesliga Ost 2009/2010"]
[Site "17+18.10Zwettl14+15.11Poechlarn"]
[Date "2010.01.31"]
[Round "6"]
[Board "3"]
[White "Petran, Peter"]
[Black "Groetz, Harald"]
[Result "1-0"]
[WhiteElo "2361"]
[BlackElo "2332"]
[PlyCount "83"]
[EventDate "2009.10.17"]
[EventType "team"]
[EventRounds "11"]
[EventCountry "AUT"]
[WhiteTeam "ASVOE SK Mattersburg"]
[BlackTeam "Aljechin/Wieden"]

1.g3 d5 2.Nf3 Nf6 3.Bg2 Bg4 4.d3 Nbd7 5.Nbd2 e5 6.e4 c6 7.O-O dxe4 8.dxe4 Bc5
9.h3 Bh5 10.a3 a5 11.b3 O-O 12.Bb2 Re8 13.c3 Bf8 14.b4 b5 15.Qc2 Rc8 16.bxa5 Nc5
17.c4 Qd3 18.Qxd3 Nxd3 19.Bc3 bxc4 20.g4 Bg6 21.Nxc4 Bxe4 22.Nfxe5 Nxe5 23.Bxe5
Bd3 24.Rfc1 Nxg4 25.Bg3 Bxc4 26.Rxc4 Ne5 27.Ra4 Nd3 28.Rb1 f5 29.a6 g5 30.Bb8
Bc5 31.a7 Bxf2+ 32.Kf1 Bxa7 33.Bxa7 c5 34.Bd5+ Kg7 35.Bc4 Re3 36.Rb7+ Kf6
37.Ra6+ Ke5 38.Re6+ Kf4 39.Rxe3 Kxe3 40.Rb3 Rd8 41.Bxc5+ Ke4 42.Be7

[Event "2. Bundesliga Ost 2009/2010"]
[Site "17+18.10Zwettl14+15.11Poechlarn"]
[Date "2010.01.31"]
[Round "6"]
[Board "4"]
[White "Schlosser, Michael"]
[Black "Riedner, Martin"]
[Result "1-0"]
[WhiteElo "2345"]
[BlackElo "2189"]
[PlyCount "65"]
[EventDate "2009.10.17"]
[EventType "team"]
[EventRounds "11"]
[EventCountry "AUT"]
[WhiteTeam "Aljechin/Wieden"]
[BlackTeam "ASVOE SK Mattersburg"]

1.e4 e6 2.d4 d5 3.e5 c5 4.c3 Nc6 5.Nf3 Nh6 6.a3 cxd4 7.cxd4 Nf5 8.b4 Qb6 9.Bb2
a5 10.b5 a4 11.Bc3 Nce7 12.Ra2 Bd7 13.Rb2 Nc8 14.Bd3 Qa7 15.O-O Be7 16.g4 Nh6
17.Ne1 Nb6 18.Bb4 Bxb4 19.Rxb4 Rc8 20.Nc2 f6 21.exf6 gxf6 22.Kh1 Nf7 23.Qf3 Ke7
24.Re1 Ng5 25.Qg2 Rcg8 26.Ne3 h5 27.f4 Nf7 28.Nxd5+ Nxd5 29.Qxd5 Ne5 30.b6 Nxd3
31.bxa7 Nxe1 32.Qc5+ Kf7 33.Rxb7

[Event "2. Bundesliga Ost 2009/2010"]
[Site "17+18.10Zwettl14+15.11Poechlarn"]
[Date "2010.01.31"]
[Round "6"]
[Board "5"]
[White "Brod, Manfred"]
[Black "Wirius, Johannes"]
[Result "1-0"]
[WhiteElo "2165"]
[BlackElo "2177"]
[PlyCount "129"]
[EventDate "2009.10.17"]
[EventType "team"]
[EventRounds "11"]
[EventCountry "AUT"]
[WhiteTeam "ASVOE SK Mattersburg"]
[BlackTeam "Aljechin/Wieden"]

1.e4 e6 2.d4 d5 3.Nc3 Nf6 4.Bg5 dxe4 5.Nxe4 Nbd7 6.Nf3 Be7 7.Nxf6+ Nxf6 8.Bd3 c5
9.dxc5 Qa5+ 10.c3 Qxc5 11.O-O Bd7 12.Qe2 h6 13.Be3 Qh5 14.Bd4 O-O 15.Ne5 Qxe2
16.Bxe2 Bc8 17.Rfd1 Rd8 18.c4 Nd7 19.Bf3 Kf8 20.Kf1 Ke8 21.Nxd7 Rxd7 22.Bxg7 Bf8
23.Be5 Be7 24.Rxd7 Kxd7 25.Bg7 Bg5 26.g3 Ke7 27.h4 Bf6 28.Bxh6 Bxb2 29.Rb1 Be5
30.Bxb7 Rb8 31.Be4 Ba6 32.Rxb8 Bxc4+ 33.Ke1 Bxb8 34.a3 f5 35.Bb7 Bd6 36.a4 e5
37.Bg5+ Kf7 38.Bc6 f4 39.gxf4 exf4 40.f3 Kg6 41.Bd7 Bb4+ 42.Kf2 Bd2 43.Kg2 Bd5
44.Bd8 Kh6 45.a5 Be3 46.a6 Bc4 47.Bc8 Be2 48.Bb7 Kh5 49.Bg5 Bd3 50.Bc6 Kg6
51.Be4+ Bxe4 52.fxe4 f3+ 53.Kxf3 Bxg5 54.hxg5 Kxg5 55.Ke3 Kf6 56.Kd4 Ke6 57.e5
Ke7 58.Kd5 Kd7 59.e6+ Ke7 60.Ke5 Ke8 61.Kd6 Kd8 62.Kc6 Ke7 63.Kb7 Kxe6 64.Kxa7
Kd7 65.Kb7

[Event "2. Bundesliga Ost 2009/2010"]
[Site "17+18.10Zwettl14+15.11Poechlarn"]
[Date "2010.01.31"]
[Round "6"]
[Board "6"]
[White "Hadjieff, Dieter"]
[Black "Salamon, Werner"]
[Result "1/2-1/2"]
[WhiteElo "2209"]
[BlackElo "2130"]
[PlyCount "58"]
[EventDate "2009.10.17"]
[EventType "team"]
[EventRounds "11"]
[EventCountry "AUT"]
[WhiteTeam "Aljechin/Wieden"]
[BlackTeam "ASVOE SK Mattersburg"]

1.e4 e5 2.Nf3 Nc6 3.Bb5 d6 4.d4 Bd7 5.Nc3 Nf6 6.O-O Be7 7.Re1 exd4 8.Nxd4 O-O
9.Bg5 Nxd4 10.Qxd4 h6 11.Bh4 Re8 12.Rad1 Bxb5 13.Nxb5 Nd7 14.Bxe7 Rxe7 15.Qc3
Nb6 16.Nd4 g6 17.Rd3 Qf8 18.b3 Rae8 19.Rde3 Kh7 20.a4 Qg7 21.Qd2 Nd7 22.Nb5 Nc5
23.Nc3 Re6 24.f3 c6 25.Ne2 Qf6 26.Nc3 Qf4 27.Ne2 Qf6 28.Nc3 Qf4 29.Ne2 Qf6

[Event "2. Bundesliga Ost 2009/2010"]
[Site "17+18.10Zwettl14+15.11Poechlarn"]
[Date "2010.01.31"]
[Round "6"]
[Board "1"]
[White "Beckhuis, Gernod"]
[Black "Polak, Thomas"]
[Result "0-1"]
[WhiteElo "2303"]
[BlackElo "2507"]
[PlyCount "126"]
[EventDate "2009.10.17"]
[EventType "team"]
[EventRounds "11"]
[EventCountry "AUT"]
[WhiteTeam "Austria Wien"]
[BlackTeam "SK Zwettl"]

1.Nf3 b6 2.e4 Bb7 3.Nc3 e6 4.d4 Bb4 5.Bd3 Nf6 6.Nd2 O-O 7.O-O Nc6 8.Ne2 Nh5 9.c3
Be7 10.f4 f5 11.exf5 exf5 12.Kh1 g6 13.b3 Bf6 14.Ba3 d6 15.Qc2 Qd7 16.Rae1 Nd8
17.c4 Ne6 18.d5 Nc5 19.Ng3 Nxg3+ 20.hxg3 c6 21.Be2 cxd5 22.cxd5 Rac8 23.Qd1 Bxd5
24.Nc4 Qc6 25.Bf3 Bxf3 26.gxf3 Rcd8 27.Bb2 Bxb2 28.Nxb2 Rfe8 29.Nc4 Ne6 30.a4 a6
31.Qa1 b5 32.axb5 axb5 33.Ne3 Nc5 34.Qc3 Qb7 35.b4 Ne6 36.Qf6 Ng7 37.Kg2 Rd7
38.Qd4 Rde7 39.Kf2 Ne6 40.Qd3 Qb6 41.Kg2 Nxf4+ 42.gxf4 Rxe3 43.Rxe3 Rxe3 44.Qd5+
Kg7 45.Rd1 Re2+ 46.Kh3 Qf2 47.Qd4+ Qxd4 48.Rxd4 Rb2 49.Kg3 h5 50.Kh4 Kh6 51.Kg3
Rb3 52.Rxd6 Rxb4 53.Rb6 Rb2 54.Rb8 b4 55.Rh8+ Kg7 56.Rb8 b3 57.Kh3 Rb1 58.Kg3 b2
59.Kg2 h4 60.Rb7+ Kf6 61.Rb6+ Ke7 62.Kh2 h3 63.Rxg6 Rc1

[Event "2. Bundesliga Ost 2009/2010"]
[Site "17+18.10Zwettl14+15.11Poechlarn"]
[Date "2010.01.31"]
[Round "6"]
[Board "2"]
[White "Blatny, Pavel"]
[Black "Pacher, Milan"]
[Result "0-1"]
[WhiteElo "2407"]
[BlackElo "2366"]
[PlyCount "92"]
[EventDate "2009.10.17"]
[EventType "team"]
[EventRounds "11"]
[EventCountry "AUT"]
[WhiteTeam "SK Zwettl"]
[BlackTeam "Austria Wien"]

1.f4 Nf6 2.b3 g6 3.Bb2 Bg7 4.e3 O-O 5.g4 d5 6.Be2 e5 7.g5 Ne4 8.d3 Nd6 9.fxe5
Qxg5 10.Nf3 Qxe3 11.Nc3 Nf5 12.Nxd5 Qc5 13.c4 Ne3 14.Nxe3 Qxe3 15.d4 c5 16.d5
Nd7 17.Qd2 Qxd2+ 18.Kxd2 Re8 19.Rae1 Nxe5 20.Nxe5 Bxe5 21.Bxe5 Rxe5 22.Bf3 Rxe1
23.Rxe1 Kf8 24.d6 Be6 25.Bxb7 Rd8 26.Re5 Rxd6+ 27.Kc3 Rd7 28.Bc8 Re7 29.Rxc5 f5
30.Bxe6 Rxe6 31.Rc8+ Ke7 32.Rc7+ Kf6 33.Rxa7 f4 34.Rd7 g5 35.Rd2 g4 36.b4 f3
37.b5 h5 38.c5 Re3+ 39.Kd4 Re2 40.Kd3 Re8 41.c6 h4 42.Rf2 Ke5 43.Ke3 Kf5+ 44.Kd2
Kf4 45.c7 g3 46.hxg3+ hxg3